Our rightful share = Nuestra legítima parte /
Uloženo v:
| Hlavní autor: | |
|---|---|
| Médium: | Neznámo |
| Jazyk: | English |
| Vydáno: |
Chapel Hill :
University of North Carolina Press,
1995.
|
| Témata: | |
| Tagy: |
Přidat tag
Žádné tagy, Buďte první, kdo vytvoří štítek k tomuto záznamu!
|
MARC
| LEADER | 000000000a22000000004500 | ||
|---|---|---|---|
| 001 | 015095 | ||
| 020 | |a 0807844942 | ||
| 041 | 0 | |a eng | |
| 082 | 0 | 4 | |a 972.910 |b H475o |
| 100 | 1 | |a Helg, Aline, |d 1953- | |
| 245 | 1 | 0 | |a Our rightful share = |b Nuestra legítima parte / |c Aline Helg. |
| 246 | 3 | 1 | |a Nuestra legítima parte |
| 260 | 1 | |a Chapel Hill : |b University of North Carolina Press, |c 1995. | |
| 300 | |a xii, 361 páginas : |b ilustraciones, mapas ; |c 25 cm. | ||
| 650 | 4 | |a NEGROS | |
| 650 | 4 | |a CUBA | |
| 650 | 4 | |a HISTORIA | |
| 650 | 4 | |a DISCRIMINACION | |
| 650 | 4 | |a RELACIONES DE RAZA | |
| 500 | |a Colección George Yúdice | ||
| 999 | |c 20955 |d 20955 | ||
| 942 | |c BK |h 972.910 H475o |2 z | ||



